000 00232nam a2200097Ia 4500
008 190216s9999||||xx |||||||||||||| ||und||
100 _aUmmer Kutty A N P
245 0 _aIndia Samudram
260 _bKerala Bhasha Institute
942 _cBK
999 _c19069
_d19069